000 00946nam a2200253Ia 4500
003 OSt
005 20220923224853.0
006 a|||||r|||| 00| 0
007 ta
008 220922b |||||||| |||| 00| 0 hin d
024 _a252,742
037 _cTextual
040 _aARTS
_cARTS
_bhin
041 _2hin
_ahin
082 _aO152,3N222,EK, K5
100 _aवर्मा, लक्ष्मीकान्त
245 0 _aएक कटी हुई ज़िन्दगी
_b एक कटा हुआ काग़ज
246 _aEk kaṭī huī ज़indagī: ek kaṭā huā kāग़ja
260 _aदिल्ली
_b नेशनल पब्लिशिंग हाउस
_c1965
300 _a190पृ.
_ccm.
650 _aहिन्दी साहित्य
_9156264
942 _hO152,3N222,EK, K5
_cTEXL
_2CC
999 _c374272
_d374272